00808nam a2200217Ia 4500001000900000003000500009005001700014008004100031010001100072040000900083082002200092245008800114260010800202300000900310504003300319650005900352650005000411650005000461650004600511710003300557dia_1592CHAP20230623102908.0220117s1985 xx 000 0 und d a172136 cCHAP a630.7236 P76 1985 aLa producción agrícola en el estado de Colima /c Pablo E. Muench N...[et al.] aMéxico :b UACh, Dirección Académica, Subdirección de Centros Regionales Universitarios,c1985 a4 t. aBibliografía: h. [896-901] aAgriculturaxAspectos económicosxMéxicoxColima  aAgriculturaxProducciónxMéxicoxColima  aAgriculturexEconomic aspectsxMexicoxColima aAgriculturexProductionxMexicoxColima  aMuench, N., Pablo E., coaut.